[Event "DEN Veterans-ch corr"]
[Site "Denmark"]
[Date "2001.??.??"]
[Round "?"]
[White "Kristensen, Ejnar Moller"]
[Black "Bertelsen, Niels"]
[Result "1/2-1/2"]
[WhiteElo "1795"]
[BlackElo "1732"]
[PlyCount "131"]
[EventDate "2001.??.??"]
[EventType "tourn (corr)"]
[EventRounds "12"]
[EventCountry "DEN"]
[SourceTitle "Corr 2006"]
[Source "ChessBase"]
[SourceDate "2006.04.01"]
[SourceVersion "3"]
[SourceVersionDate "2006.04.01"]
[SourceQuality "1"]

1. e4 e5 2. Nf3 Nf6 3. Nxe5 d6 4. Nf3 Nxe4 5. d4 d5 6. Bd3 Be7 7. 0-0 Nc6 8. c4 Nf6 9. cxd5 Nxd5 10. Nc3 Bg4 11. Re1 Nf6 12. Bb5 0-0 13. Bxc6 bxc6 14. Be3 Bb4 15. a3 Bd6 16. Bg5 h6 17. Bh4 g5 18. Bg3 Nd5 19. Bxd6 Qxd6 20. h3 Bh5 21. Ne4 Bxf3 22. Qxf3 Qg6 23. Nc5 Rfd8 24. b4 a5 25. Nb7 Re8 26. Nxa5 Re6 27. Rxe6 Qxe6 28. Rc1 Ra6 29. Kf1 Kg7 30. Qd3 Rb6 31. Re1 Qf6 32. Nc4 Nf4 33. Qe4 Ra6 34. Na5 Nd5 35. Qe5 Kg6 36. Qxf6+ Kxf6 37. Ke2 c5 38. dxc5 Nf4+ 39. Kf3 Nd3 40. Re3 Nxc5 41. Rc3 Ne6 42. Rc6 Ra8 43. Ke4 Ke7 44. g3 Kd7 45. Kd5 h5 46. Nc4 Rd8 47. Ne5+ Ke7+ 48. Ke4 Rd4+ 49. Ke3 Rd1 50. Nf3 g4 51. hxg4 hxg4 52. Nh4 Re1+ 53. Kd3 Rd1+ 54. Ke2 Ra1 55. Ra6 c5 56. bxc5 Nxc5 57. Ra7+ Ke6 58. Ng2 f6 59. Nf4+ Kd6 60. Nh5 Ke5 61. Ke3 Re1+ 62. Kd2 Ra1 63. Ke2 f5 64. f3 Kd4 65. fxg4 fxg4 66. Ra8 1/2-1/2